Pictorial calligraphy and ornamentation; (Record no. 26457)

000 -LEADER
fixed length control field 01048cam a2200301 4500
001 - CONTROL NUMBER
control field 1729573
005 - DATE AND TIME OF LATEST TRANSACTION
control field 20170204121043.0
008 - FIXED-LENGTH DATA ELEMENTS--GENERAL INFORMATION
fixed length control field 720725s1972 nyua 000 0 eng
010 ## - LIBRARY OF CONGRESS CONTROL NUMBER
LC control number 73188809
020 ## - INTERNATIONAL STANDARD BOOK NUMBER
International Standard Book Number 048622788X
040 ## - CATALOGING SOURCE
Original cataloging agency DLC
Transcribing agency DLC
Modifying agency DLC
050 00 - LIBRARY OF CONGRESS CALL NUMBER
Classification number NK3630 .G5 1972
082 00 - DEWEY DECIMAL CLASSIFICATION NUMBER
Classification number 745.6/1
100 1# - MAIN ENTRY--PERSONAL NAME
Personal name Gillon, Edmund Vincent,
Relator term comp.
245 10 - TITLE STATEMENT
Title Pictorial calligraphy and ornamentation;
Statement of responsibility, etc. 86 plates selected by Edmund V. Gillon, Jr. from the work of Pedro Díaz Morante, Giuliano Sellari, and Leopardo Antonozzi.
260 ## - PUBLICATION, DISTRIBUTION, ETC. (IMPRINT)
Place of publication, distribution, etc. New York,
Name of publisher, distributor, etc. Dover Publications
Date of publication, distribution, etc. 1972
300 ## - PHYSICAL DESCRIPTION
Extent vi, 86 p.
Other physical details illus.
Dimensions 22 x 29 cm.
490 0# - SERIES STATEMENT
Series statement Dover pictorial archive series
650 #0 - SUBJECT ADDED ENTRY--TOPICAL TERM
Topical term or geographic name as entry element Calligraphy.
650 #0 - SUBJECT ADDED ENTRY--TOPICAL TERM
Topical term or geographic name as entry element Lettering.
650 #0 - SUBJECT ADDED ENTRY--TOPICAL TERM
Topical term or geographic name as entry element Decoration and ornament.
700 2# - ADDED ENTRY--PERSONAL NAME
Personal name Díaz Morante, Pedro.
700 1# - ADDED ENTRY--PERSONAL NAME
Personal name Sellari, Giuliano.
700 1# - ADDED ENTRY--PERSONAL NAME
Personal name Antonozzi, Leopardo.
906 ## - LOCAL DATA ELEMENT F, LDF (RLIN)
a 7
b cbc
c orignew
d 2
e ncip
f 19
g y-gencatlg
942 ## - ADDED ENTRY ELEMENTS (KOHA)
Source of classification or shelving scheme
Koha item type Hard Covered Materials
Classification part NK3630 .G5 1972
Call number prefix 33811
Holdings
Withdrawn status Lost status Source of classification or shelving scheme Damaged status Not for loan Home library Current library Shelving location Date acquired Source of acquisition Total Checkouts Full call number Barcode Date last seen Price effective from Koha item type
          MACHAKOS UNIVERSITY LIBRARY MACHAKOS UNIVERSITY LIBRARY Open shelf 04/02/2017 Donation (BFA)   NK3630 .G5 1972 33811 04/02/2017 04/02/2017 Hard Covered Materials
© Machakos University Library, Along The Highway, Machakos Wote Rd, Machakos, Kenya P.O. Box 136 - 90100 Machakos - Kenya

Tel: ( +254 ) 723 805829 OR Fax : 044-20353 OR Email: library@mksu.ac.ke